Responses for Show #4709 - Thursday, February 10, 2005

2005 Ultimate Tournament of Champions Round 1, game 2.

Contestants

[<< previous game]

John Genova, a teacher from Granada Hills, California

Rachael Schwartz, a lawyer from Washington, D.C.

Michael Rankins, a minister and writer from Rohnert Park, California

[next game >>]

Jeopardy! Round responses

PENN. NAMES
BROADWAY TRADITIONS
OH, SHOOT!
ADVERTISING SLOGANS
AUTUMN LEAVES
FROM D TO SHINING D
(Alex: Each correct response will be a word that begins with the letter D and ends with the letter D.)
    $200 2
Rachel Carson

Rachael
    $200 11
Times Square

Rachael
    $200 20
the Boy Scouts

Rachael
    $200 1
Visine

Rachael
    $200 30
Colonel Sanders

Rachael
    $200 15
a Dachshund

Rachael
    $400 3
(Milton) Hershey

Michael
    $400 12
Playbill

Rachael
    $400 21
paintball

Michael
    $400 4
Chevy

Rachael
    $400 29
Jackie Robinson

Michael
    $400 16
dashboard

Michael
    $600 5
Tom Ridge

Michael
    $600 13
Fiddler on the Roof

Rachael
    $600 22
(John: What is speed gun?)

a radar gun

RachaelJohn
    $600 6
Wal-Mart

John
    $600 28
Herbert Hoover

Triple Stumper
    $600 17
a dividend

Rachael
    $800 9
(George) Marshall

Rachael
    $800 14
Equity

Michael
    $800 23
trapshooting

Michael
    $800 7
(Alex: Wal-Mart's competitor--[*].)

Target

Triple Stumper
    $3,000 27
Tchaikovsky

Michael
    $800 18
deathbed

Michael
    $1000 10
Andrew Mellon

Triple Stumper
    $1000 25
Fred Ebb

Michael
    $1000 24
the biathlon

Rachael
    $1000 8
(John: What is Hanes?)
...
(Alex: For your hair, apparently. John, we're back to you, you're at ‑$400.)
(John: Boy, was I thinking wrong!)
[Laughter]

Giga Hold

John
Triple Stumper
    $1000 26
George Harrison

Triple Stumper
    $1000 19
a demigod

John

Scores at the first commercial break (after clue 15):

Michael Rachael John
$1,800 $3,000 -$400

Scores at the end of the Jeopardy! Round:

Michael Rachael John
$8,600 $5,600 $0

Double Jeopardy! Round responses

ASIAN CAPITALS
TALKING HEADS
LITERARY LITERARY CHARACTERS
INVENTORS
ANIMALS, VEGETABLES, MINERALS
FILL IN THE ____
    $400 13
(John: What is South Korea?)

Seoul

RachaelJohn
    $400 6
Barbara Walters

Rachael
    $400 7
Portrait of the Artist as a Young Man

Rachael
    $400 18
Edison

Rachael
    $400 26
a wolf

John
    $400 1
knee

John
    $800 14
(Rachael: What is Dakar?)
...
(Alex: You added one letter too many--that's a different capital.)

Dhaka

Rachael
Triple Stumper
    $800 9
Al Franken

Rachael
    $800 8
Kilgore Trout

Michael
    $800 19
glass

Rachael
    $800 27
the navy bean

Michael
    $800 2
serve

Rachael
    $1200 15
(Michael: What is Baghdad?)

Kabul

MichaelRachael
    $1200 21
Chris Matthews

Michael
    $1200 10
Vladimir Nabokov

Triple Stumper
    $1200 20
Eastman

Michael
    $1200 28
the Gila monster

Michael
    $1200 3
waiting

Michael
    $1,400 16
(Rachael: What is Tokyo?)
...
(Alex: So many people lost their lives in that part of the world.)

Jakarta

Rachael
    $1600 22
Tucker Carlson

Rachael
    $1600 11
Zuckerman

Rachael
    $1600 24
Marconi

Triple Stumper
    $3,000 29
quartz

Michael
    $1600 4
Little

Michael
    $2000 17
Manila (in the Philippines)

Rachael
    $2000 23
Bill Moyers

Michael
    $2000 12
Aldous Huxley

Triple Stumper
    $2000 25
(King) Gillette

John
    $2000 30
radicchio

Rachael
    $2000 5
(John: What is hen?)

dove

John
Triple Stumper

Scores at the end of the Double Jeopardy! Round:

Michael Rachael John
$20,400 $15,800 $400

[wagering suggestions for these scores]

Final Jeopardy! Round responses

LEGAL TERMS
(Alex: Way to go. You get to keep $31,601. You get to come back, and Rachael and John will each receive $5,000.)
JohnWhat is slander
$400
RachaelWhat is defamation?
$4,800
MichaelWhat is slander?
$11,201
slander (or libel or defamation)

Final scores:

Michael Rachael John
$31,601 $20,600 $800
Winner: $31,601 + an advance to UToC Round 2 2nd place: $5,000 3rd place: $5,000

Game dynamics:

Coryat scores:

Michael Rachael John
$16,800 $17,200 $400
19 R
(including 2 DDs),
1 W
25 R,
2 W
(including 1 DD)
5 R,
4 W

Combined Coryat: $34,400

[game clues] [game scores] [suggest correction]

Game tape date: 2005-01-31
The J! Archive is created by fans, for fans. Scraping, republication, monetization, and malicious use prohibited; this site may use cookies and collect identifying information. See terms. The Jeopardy! game show and all elements thereof, including but not limited to copyright and trademark thereto, are the property of Jeopardy Productions, Inc. and are protected under law. This website is not affiliated with, sponsored by, or operated by Jeopardy Productions, Inc. Join the discussion at JBoard.tv.